000 01035nam a22003017a 4500
001 4505
003 FISKH
005 20241204152455.0
008 240912b cb ||||| |||| 00| 0 eng d
020 _a9781592495856
040 _aFISKH
_beng
_cFISKH
_dFISKH
050 _aPZ10.M698
082 _a409
100 _aMoody-Luther, Jacqueline
_eauthor
245 _aPanda bear cub /
_cby Jacqueline Moody-Luther : illustated by Will Nelson
250 _aFirst edition 2006
260 _aNorwalk :
_bLittle Soundprints ;
_c2006 .
300 _a32 pages :
_bcolor illustrations ;
_c24 cm .
490 _aSoundprints' Read-and- Discover
_vLevel 1
505 _aH
520 _aIn illustrations and simple text, describes the first weeks in the life of a panda living in the bamboo forest with its mother. Includes facts about pandas.
521 8 _a450
_bLexile
521 8 _aH
_bRaz-Plus
650 _abears
_vnon-fiction
700 _aNelson, Will
_eillustrator
942 _2ddc
_cBK
_n0
999 _c4505
_d4505